Statistics for Countries That Start with K (with a map)

Click here to take the quiz!

General Stats

  • This quiz has been taken 293 times
  • The average score is 5 of 6

Answer Stats

Hint Hint Country % Correct
533.0100.0Kazakhstan
93%
548.0122.0Kyrgyzstan
91%
465.8259.9Kenya
88%
21.0272.0Kiribati
85%
427.5118.5Kosovo
82%
487.0162.9Kuwait
79%

Score Distribution

Percentile by Number Answered

Percent of People with Each Score

Your Score History

You have not taken this quiz